000 00370nam a2200145Ia 4500
008 230917s9999||||xx |||||||||||||| ||und||
040 _e205766
_aMAIN
041 _aEnglish
082 _a658.4092 D612C
100 _aDinesh Kumar
245 0 _aCorporate capers: Business not as usual.
260 _aNew Delhi
_bResponse Books
_c2006
300 _a255 p.
942 _cBK
999 _c164601
_d164601